000 00711nam a2200157 a 4500
001 000032119
005 20200930063439.0
008 110712s1947 dr 000 | spa d
040 _aDO-SdBNP
_bspa
_cBNPHU
082 _axxx
_bR426m
110 1 _aRepública Dominicana.
_bPresidente (1942-1952 : Trujillo Molina)
_957164
245 1 0 _aMensaje depositado el 27 de febrero de 1947 en el Congreso Nacional por el Presidente de la República Dominicana generalísimo Dr. Rafael Leónidas Trujillo Molina para darle cuenta de su gestión durante el año 1946.
260 _aCiudad Trujillo, República Dominicana :
_bTalleres Tipográficos de Virgilio Montalvo,
_c1947.
300 _a137 p. ;
_c23 cm.
049 _aBNPD
999 _c31610
_d31610